| 000 | 01055cam a2200313 i 4500 | ||
|---|---|---|---|
| 999 |
_c28663 _d28634 |
||
| 001 | 2264762 | ||
| 003 | EG-ScBUE | ||
| 005 | 20200906113121.0 | ||
| 008 | 781012t1979 nyua f b 001 0 eng d | ||
| 020 | _a0471035041 | ||
| 040 |
_aDLC _beng _erda _cDLC _dDLC _dEG-ScBUE |
||
| 082 | 0 | 0 |
_a576.64 _bDIE _222 |
| 100 | 1 |
_aDiener, T. O. _q(Theodore Otto), _d1921- _eauthor. |
|
| 245 | 1 | 0 |
_aViroids and viroid diseases / _cT. O. Diener, 4530 Powder Mill road, Beltsville, Maryland. |
| 264 | 1 |
_aNew York : _bJohn Wiley & Sons, _c[1979] |
|
| 264 | 4 | _cc1979 | |
| 300 |
_axvi, 252 pages : _billustrations ; _c24 cm |
||
| 336 |
_2rdacontent _atext _btxt |
||
| 337 |
_2rdamedia _aunmediated _bn |
||
| 338 |
_2rdacarrier _avolume _bnc |
||
| 500 | _a"A Wiley-Interscience publication." | ||
| 504 | _aIncludes bibliographical references and index. | ||
| 650 | 7 |
_aViroids. _2BUEsh |
|
| 650 | 7 |
_aViroid diseases of plants. _2BUEsh |
|
| 653 |
_bGGEN _cAugust2020 |
||
| 655 |
_vReading book _934232 |
||
| 906 |
_a7 _bcbc _corignew _d1 _eocip _f19 _gy-gencatlg |
||
| 942 |
_2ddc _cBB |
||